[Event "Milan Crespi op-A 32nd"]
[Site "Milan"]
[Date "2011.12.04"]
[Round "2"]
[White "Bonanno, Alessandro"]
[Black "Bemporad, Filippo"]
[Result "1-0"]
[WhiteElo "2132"]
[BlackElo "2070"]
[PlyCount "75"]
[EventDate "2011.12.03"]
[EventType "swiss"]
[EventRounds "9"]
[EventCountry "ITA"]
[SourceTitle "EXT 2022"]
[Source "ChessBase"]
[SourceDate "2021.10.06"]
[SourceVersion "1"]
[SourceVersionDate "2021.10.06"]
[SourceQuality "1"]

1. e4 c5 2. Nf3 d6 3. d4 cxd4 4. Nxd4 Nf6 5. Nc3 e6 6. g4 h6 7. h4 Nc6 8. Rg1 g6 9. g5 hxg5 10. hxg5 Nh5 11. Be3 a6 12. Qd2 Qc7 13. 0-0-0 Bd7 14. f4 0-0-0 15. Qf2 Na5 16. Nxe6 Bxe6 17. Bb6 Qc6 18. Bxa5 Re8 19. Nd5 Bg7 20. Qa7 Kd7 21. Bb4 Bxd5 22. Rxd5 Re6 23. Bh3 Nxf4 24. Bxe6+ Kxe6 25. Rxd6+ Qxd6 26. Bxd6 Ne2+ 27. Kd2 Nxg1 28. Qxg1 Kxd6 29. Qb6+ Ke5 30. Qc7+ Ke6 31. Qb6+ Ke5 32. Qxb7 Rf8 33. Ke3 Ke6 34. Qxa6+ Ke7 35. Qb7+ Ke6 36. c4 Rd8 37. b4 Bd4+ 38. Kf3 1-0

[Event "Otranto op 1st"]
[Site "Otranto"]
[Date "2011.05.21"]
[Round "1"]
[White "Bonanno, Alessandro"]
[Black "Naumkin, Igor"]
[Result "0-1"]
[WhiteElo "2142"]
[BlackElo "2506"]
[PlyCount "84"]
[EventDate "2011.05.21"]
[EventType "swiss"]
[EventRounds "9"]
[EventCountry "ITA"]
[SourceTitle "CBM 142 Extra"]
[Source "ChessBase"]
[SourceDate "2011.06.27"]
[SourceVersion "1"]
[SourceVersionDate "2011.06.27"]
[SourceQuality "1"]

1. e4 e5 2. Nf3 Nc6 3. Nc3 Nf6 4. a3 d6 5. d4 exd4 6. Nxd4 Be7 7. Be2 0-0 8. 0-0 Re8 9. f4 Bf8 10. Bf3 Bd7 11. Qd3 g6 12. e5 dxe5 13. Nxc6 Bxc6 14. Qxd8 Raxd8 15. Bxc6 bxc6 16. fxe5 Ng4 17. Bg5 Rb8 18. Ne4 Rxe5 19. Rae1 Rxg5 20. Nxg5 Bc5+ 21. Kh1 Nf2+ 22. Rxf2 Bxf2 23. Rb1 Re8 24. b3 Re2 25. c4 a5 26. a4 h6 27. Nf3 g5 28. g4 Bc5 29. h3 Re3 30. Kg2 Kg7 31. Rf1 f5 32. gxf5 Kf6 33. Rb1 Re2+ 34. Kh1 Kxf5 35. Rf1 Ke4 36. Ne1 Re3 37. Kg2 Rxb3 38. Rf6 Rb2+ 39. Kg3 h5 40. Re6+ Kf5 41. Nd3 Kxe6 42. Nxb2 Ke5 0-1

[Event "Milan Crespi op-A 30th"]
[Site "Milan"]
[Date "2009.12.06"]
[Round "2"]
[White "Bonanno, Alessandro"]
[Black "Bove, Alessandro"]
[Result "0-1"]
[WhiteElo "2135"]
[BlackElo "2337"]
[PlyCount "78"]
[EventDate "2009.12.05"]
[EventType "swiss"]
[EventRounds "9"]
[EventCountry "ITA"]
[SourceTitle "EXT 2012"]
[Source "ChessBase"]
[SourceDate "2011.11.24"]
[SourceVersion "1"]
[SourceVersionDate "2011.11.24"]
[SourceQuality "1"]

1. e4 c5 2. Nf3 Nc6 3. d4 cxd4 4. Nxd4 e6 5. Nc3 Qc7 6. g3 a6 7. Bg2 Nf6 8. 0-0 Be7 9. Re1 d6 10. Nxc6 bxc6 11. e5 dxe5 12. Rxe5 0-0 13. Re1 Nd5 14. Ne4 Rd8 15. Qf3 Bb7 16. a3 a5 17. c4 Nf6 18. Nc3 a4 19. Bf4 Qb6 20. Qe2 Qb3 21. Rad1 h6 22. Bc7 Rxd1 23. Rxd1 Bxa3 24. bxa3 Qxc3 25. Be5 Qxa3 26. Bxf6 gxf6 27. Rd7 Qc1+ 28. Bf1 Bc8 29. Rd8+ Kg7 30. h4 Qb1 31. Qg4+ Qg6 32. Qf3 Bb7 33. Rd7 a3 34. Bd3 f5 35. Bb1 Bc8 36. Rd8 Qf6 37. Qxc6 Qxd8 38. Qxa8 Qd1+ 39. Kg2 Qxb1 0-1

[Event "Milan Crespi op-A 29th"]
[Site "Milan"]
[Date "2008.12.07"]
[Round "2"]
[White "Bonanno, Alessandro"]
[Black "Bove, Alessandro"]
[Result "0-1"]
[WhiteElo "2125"]
[BlackElo "2246"]
[PlyCount "52"]
[EventDate "2008.12.06"]
[EventType "swiss"]
[EventRounds "9"]
[EventCountry "ITA"]
[SourceTitle "CBM 130 Extra"]
[Source "ChessBase"]
[SourceDate "2009.07.02"]
[SourceVersion "2"]
[SourceVersionDate "2009.07.15"]
[SourceQuality "1"]

1. e4 c5 2. Nf3 Nc6 3. d4 cxd4 4. Nxd4 Nf6 5. Nc3 d6 6. Bc4 e5 7. Nxc6 bxc6 8. 0-0 Be7 9. Qe2 0-0 10. Rd1 Kh8 11. b4 Bg4 12. f3 Qb6+ 13. Kh1 Qxb4 14. Bd2 Be6 15. Nd5 Qb7 16. Ba6 Qd7 17. Nxe7 Qxe7 18. Rab1 Rab8 19. a3 Qc7 20. Bg5 Qa5 21. Qd3 Rxb1 22. Rxb1 Nd7 23. Be7 Rb8 24. Rd1 Nc5 25. Qxd6 Nxa6 26. Bd8 Qc5 0-1

[Event "Milan Crespi op-A 29th"]
[Site "Milan"]
[Date "2008.12.06"]
[Round "1"]
[White "Bonanno, Alessandro"]
[Black "Martinez, Rolly"]
[Result "1-0"]
[WhiteElo "2125"]
[BlackElo "2424"]
[PlyCount "39"]
[EventDate "2008.12.06"]
[EventType "swiss"]
[EventRounds "9"]
[EventCountry "ITA"]
[SourceTitle "CBM 130 Extra"]
[Source "ChessBase"]
[SourceDate "2009.07.02"]
[SourceVersion "2"]
[SourceVersionDate "2009.07.15"]
[SourceQuality "1"]

1. e4 c5 2. Nf3 Nc6 3. d4 cxd4 4. Nxd4 Nf6 5. Nc3 d6 6. Bc4 Qb6 7. Nxc6 bxc6 8. 0-0 g6 9. b3 Bg7 10. Bb2 0-0 11. Qe1 Qc7 12. Rd1 e6 13. Ba3 Rd8 14. e5 Ne8 15. exd6 Nxd6 16. Qd2 Nb7 17. Qe3 e5 18. Ne4 Rd4 19. Rxd4 exd4 20. Nf6+ 1-0

[Event "Porto Mannu op"]
[Site "Porto Mannu"]
[Date "2008.05.22"]
[Round "7"]
[White "Fierro Baquero, Martha Lorena"]
[Black "Bonanno, Alessandro"]
[Result "1-0"]
[WhiteElo "2375"]
[BlackElo "2142"]
[PlyCount "75"]
[EventDate "2008.05.17"]
[EventType "swiss"]
[EventRounds "9"]
[EventCountry "ITA"]
[SourceTitle "CBM 124 Extra"]
[Source "ChessBase"]
[SourceDate "2008.07.03"]
[SourceVersion "1"]
[SourceVersionDate "2008.07.03"]
[SourceQuality "1"]

1. e4 c5 2. Nc3 Nc6 3. Bb5 g6 4. Bxc6 dxc6 5. d3 Bg7 6. Be3 b6 7. Qd2 e5 8. Nge2 Qe7 9. h3 Nf6 10. Bh6 0-0 11. 0-0-0 Be6 12. Bxg7 Kxg7 13. f4 exf4 14. Nxf4 Rad8 15. g4 Ne8 16. Rdf1 Nc7 17. h4 h6 18. g5 hxg5 19. hxg5 Rh8 20. Nce2 Nb5 21. Nxe6+ Qxe6 22. Qf4 Rxh1 23. Rxh1 Rh8 24. Rxh8 Kxh8 25. a4 Nd4 26. Nxd4 cxd4 27. Qc7 Kg7 28. b3 Qg4 29. Qe5+ Kg8 30. Kb2 c5 31. Qb8+ Kg7 32. Qxa7 Qxg5 33. Qxb6 Qe5 34. a5 g5 35. a6 g4 36. a7 g3 37. a8Q g2 38. Qbd8 1-0

[Event "Bratto op 25th"]
[Site "Bratto"]
[Date "2005.08.25"]
[Round "6"]
[White "Ori, Marco"]
[Black "Bonanno, Alessandro"]
[Result "1/2-1/2"]
[WhiteElo "2087"]
[BlackElo "2132"]
[PlyCount "86"]
[EventDate "2005.08.20"]
[EventType "swiss"]
[EventRounds "9"]
[EventCountry "ITA"]
[SourceTitle "CBM 108 Extra"]
[Source "ChessBase"]
[SourceDate "2005.11.04"]
[SourceVersion "1"]
[SourceVersionDate "2005.11.04"]
[SourceQuality "1"]

1. e4 c5 2. Nf3 Nc6 3. Bb5 g6 4. Bxc6 dxc6 5. d3 Bg7 6. h3 Nf6 7. Nc3 Nd7 8. Be3 e5 9. Qd2 Qe7 10. Bh6 Bxh6 11. Qxh6 f6 12. Nh4 Nf8 13. 0-0-0 Bd7 14. f4 exf4 15. d4 0-0-0 16. d5 g5 17. Nf5 Bxf5 18. exf5 Nd7 19. Rhe1 Ne5 20. h4 Ng4 21. Qh5 Ne3 22. hxg5 fxg5 23. dxc6 bxc6 24. Qh6 Kb7 25. f6 Qe5 26. Rxd8 Rxd8 27. Qxh7+ Ka6 28. f7 Qd6 29. Qd3+ Qxd3 30. cxd3 Rf8 31. Ne4 Rxf7 32. Nxg5 Rf5 33. Ne6 Nxg2 34. Rf1 f3 35. Kd2 Re5 36. Ng7 Re2+ 37. Kc3 Nh4 38. Nh5 Kb5 39. Ng3 Rg2 40. Ne4 a5 41. Nd2 Rg3 42. b3 Rg4 43. a4+ Ka6 1/2-1/2

[Event "Bratto op 25th"]
[Site "Bratto"]
[Date "2005.08.23"]
[Round "4"]
[White "Mantovani, Renzo"]
[Black "Bonanno, Alessandro"]
[Result "1-0"]
[WhiteElo "2371"]
[BlackElo "2132"]
[PlyCount "73"]
[EventDate "2005.08.20"]
[EventType "swiss"]
[EventRounds "9"]
[EventCountry "ITA"]
[SourceTitle "CBM 108 Extra"]
[Source "ChessBase"]
[SourceDate "2005.11.04"]
[SourceVersion "1"]
[SourceVersionDate "2005.11.04"]
[SourceQuality "1"]

1. e4 c5 2. Nf3 Nc6 3. Bb5 g6 4. 0-0 Bg7 5. Re1 e5 6. d3 Nge7 7. a4 0-0 8. h3 h6 9. Nbd2 Kh7 10. Nc4 d6 11. a5 Nd4 12. Nxd4 cxd4 13. c3 d5 14. exd5 Qxd5 15. Ba4 dxc3 16. bxc3 Bf5 17. Ba3 Bf6 18. Bxe7 Bxe7 19. Rxe5 Qxd3 20. Qxd3 Bxd3 21. Nb2 Bf6 22. Nxd3 Bxe5 23. Nxe5 Rac8 24. Rb1 Rc7 25. c4 f6 26. Ng4 Rff7 27. Be8 Rf8 28. Bb5 a6 29. Ba4 Rff7 30. Rb6 Kg7 31. Ne3 Kf8 32. Bc2 Kg7 33. Be4 f5 34. Bd5 Rfd7 35. g3 Re7 36. h4 Red7 37. h5 1-0

[Event "Bratto op 25th"]
[Site "Bratto"]
[Date "2005.08.22"]
[Round "3"]
[White "Bonanno, Alessandro"]
[Black "Rombaldoni, Denis"]
[Result "1-0"]
[WhiteElo "2132"]
[BlackElo "2327"]
[PlyCount "55"]
[EventDate "2005.08.20"]
[EventType "swiss"]
[EventRounds "9"]
[EventCountry "ITA"]
[SourceTitle "CBM 108 Extra"]
[Source "ChessBase"]
[SourceDate "2005.11.04"]
[SourceVersion "1"]
[SourceVersionDate "2005.11.04"]
[SourceQuality "1"]

1. e4 c6 2. d4 d5 3. e5 Bf5 4. Nc3 h5 5. Nf3 e6 6. Be3 Nh6 7. Bd3 Bxd3 8. cxd3 Be7 9. 0-0 Nf5 10. Qd2 g5 11. Bxg5 Bxg5 12. Nxg5 Nxd4 13. f4 c5 14. Rae1 Nf5 15. Nb5 Nc6 16. Qc3 Ncd4 17. Qxc5 Rc8 18. Nd6+ Nxd6 19. Qxd6 Qxd6 20. exd6 Kd7 21. Nxf7 Rhf8 22. Ne5+ Kxd6 23. Rf2 Rc7 24. g3 Rfc8 25. Nf3 Rc1 26. Rxc1 Rxc1+ 27. Kg2 Kc5 28. b4+ 1-0

[Event "Corsico op 26th"]
[Site "Corsico"]
[Date "2003.05.01"]
[Round "2"]
[White "Bonanno, Alessandro"]
[Black "Strada, Stefano"]
[Result "1/2-1/2"]
[WhiteElo "2109"]
[BlackElo "1815"]
[PlyCount "90"]
[EventDate "2003.04.30"]
[EventType "swiss"]
[EventRounds "7"]
[EventCountry "ITA"]
[SourceTitle "EXT 2007"]
[Source "ChessBase"]
[SourceDate "2006.11.23"]
[SourceVersion "1"]
[SourceVersionDate "2006.11.23"]
[SourceQuality "1"]

1. e4 b6 2. d4 Bb7 3. Nc3 e6 4. Be3 Nf6 5. f3 Be7 6. Qd2 d6 7. 0-0-0 Nbd7 8. g4 h6 9. Nge2 c6 10. h4 Qc7 11. Rg1 0-0-0 12. g5 hxg5 13. hxg5 Nh5 14. Bh3 g6 15. Bg4 Rh7 16. f4 d5 17. f5 exf5 18. exf5 Re8 19. Bxh5 Rxh5 20. fxg6 fxg6 21. Rde1 Bd6 22. Nf4 Bxf4 23. Bxf4 Qd8 24. Qd3 Nf8 25. Rh1 Rxh1 26. Rxh1 Qe7 27. Qg3 Ne6 28. Re1 Qf7 29. Be5 Qf5 30. Bf6 Kd7 31. Re5 Qf4+ 32. Qxf4 Nxf4 33. Rxe8 Kxe8 34. Kd2 Ba6 35. Ke3 Nh5 36. Be5 Bc8 37. Na4 Kf7 38. Bb8 b5 39. Nc5 a6 40. Nd3 Ke6 41. Ne5 Bb7 42. Kf3 Kf5 43. Nf7 Ba8 44. Be5 a5 45. b3 a4 1/2-1/2

[Event "Brianza-ch 36th"]
[Site "Monza"]
[Date "2002.02.21"]
[Round "6"]
[White "Brigati, Alessandro"]
[Black "Bonanno, Alessandro"]
[Result "1-0"]
[WhiteElo "1797"]
[BlackElo "2055"]
[PlyCount "109"]
[EventDate "2002.03.07"]
[EventType "swiss"]
[EventRounds "8"]
[EventCountry "ITA"]
[SourceTitle "EXT 2007"]
[Source "ChessBase"]
[SourceDate "2006.11.23"]
[SourceVersion "1"]
[SourceVersionDate "2006.11.23"]
[SourceQuality "1"]

1. d4 Nf6 2. Nf3 g6 3. Bf4 Bg7 4. e3 0-0 5. h3 d6 6. Bc4 c6 7. c3 Nbd7 8. 0-0 Qa5 9. Nbd2 b5 10. b4 Qc7 11. Bb3 Nd5 12. Bh2 N7b6 13. Rc1 a5 14. e4 a4 15. Bxd5 cxd5 16. e5 Bf5 17. Qe2 Rac8 18. g4 Bd7 19. Kg2 Nc4 20. Nxc4 dxc4 21. d5 Qb7 22. exd6 exd6 23. Bxd6 Rfe8 24. Qd2 h5 25. gxh5 Bf5 26. hxg6 fxg6 27. Bf4 Bd3 28. Rfe1 Qxd5 29. Kg3 Bf6 30. Rxe8+ Rxe8 31. Re1 Rxe1 32. Qxe1 Be4 33. Nd4 Bxd4 34. cxd4 Kf7 35. Be5 Bh1 36. Qe3 Qg2+ 37. Kh4 Qe4+ 38. Qxe4 Bxe4 39. Kg5 Bb1 40. a3 Bd3 41. h4 Ke6 42. Bf4 Kd5 43. Be3 c3 44. h5 gxh5 45. Kxh5 Kc4 46. Kg5 Kb3 47. d5 Bc4 48. d6 Be6 49. f4 Kxa3 50. f5 Bd7 51. f6 Be6 52. d7 Bxd7 53. f7 Kxb4 54. f8Q+ Kb3 55. Qf7+ 1-0

[Event "Milan Crespi op 21st"]
[Site "Milan"]
[Date "2000.12.04"]
[Round "2"]
[White "Bonanno, Alessandro"]
[Black "Hitzgerova, Gabriela"]
[Result "1-0"]
[WhiteElo "2072"]
[BlackElo "2245"]
[PlyCount "128"]
[EventDate "2000.12.04"]
[EventType "swiss"]
[EventRounds "5"]
[EventCountry "ITA"]
[SourceTitle "CBM 079 Extra"]
[Source "ChessBase"]
[SourceDate "2001.01.11"]
[SourceVersion "2"]
[SourceVersionDate "2001.01.25"]
[SourceQuality "1"]

1. e4 c5 2. Nf3 d6 3. d4 cxd4 4. Nxd4 Nf6 5. Nc3 Nc6 6. Bg5 e6 7. Qd2 a6 8. 0-0-0 Bd7 9. f3 h5 10. f4 Be7 11. Be2 b5 12. Bf3 Rc8 13. Nxc6 Bxc6 14. Rhe1 b4 15. Bxf6 gxf6 16. Ne2 Qa5 17. Kb1 h4 18. Nd4 Ba8 19. Qf2 Qc5 20. Qd2 Kf8 21. Bg4 Qb6 22. Bf3 Bb7 23. Rc1 a5 24. c3 Rc4 25. Qd3 bxc3 26. Nb3 c2+ 27. Rxc2 Rxc2 28. Qxc2 Kg7 29. Qd2 a4 30. Qd4 Qb5 31. Nd2 Rc8 32. Rc1 Rxc1+ 33. Kxc1 Ba6 34. a3 Qc6+ 35. Qc3 Qxc3+ 36. bxc3 Bd8 37. Bd1 Bb5 38. Nf3 Bb6 39. Nxh4 Be3+ 40. Kb2 Bxf4 41. Nf3 Be3 42. Kc2 Bc5 43. Kb2 Bd3 44. Bxa4 Bxe4 45. Bd1 f5 46. a4 Bd3 47. a5 e5 48. Bc2 Bf1 49. Bxf5 Bxg2 50. Be4 f5 51. Bd5 Bf1 52. Kc2 Kf6 53. Nd2 Ba6 54. Nc4 Kg5 55. Kd2 Kg4 56. Be6 Kf3 57. h4 Kg2 58. Nb2 e4 59. Nd1 Kg3 60. Ke1 e3 61. h5 e2 62. h6 Kf3 63. Bd5+ Kf4 64. h7 Bg1 1-0

[Event "Corsico Magistrale op 19th"]
[Site "Corsico"]
[Date "1999.10.10"]
[Round "6"]
[White "Bonanno, Alessandro"]
[Black "Pace, Pietro Dario"]
[Result "1-0"]
[WhiteElo "1935"]
[BlackElo "1879"]
[PlyCount "83"]
[EventDate "1999.10.02"]
[EventType "swiss"]
[EventRounds "6"]
[EventCountry "ITA"]
[SourceTitle "EXT 2001"]
[Source "ChessBase"]
[SourceDate "2000.11.22"]
[SourceVersion "1"]
[SourceVersionDate "2000.11.22"]
[SourceQuality "1"]

1. e4 e5 2. f4 d5 3. exd5 e4 4. d3 Nf6 5. Qe2 Bf5 6. dxe4 Nxe4 7. Nd2 Qe7 8. Ngf3 Nxd2 9. Bxd2 Bxc2 10. Qxe7+ Bxe7 11. Rc1 Be4 12. Rxc7 Bxd5 13. Rc8+ Bd8 14. Ne5 a6 15. Bb4 Be6 16. Bc4 Bxc4 17. Nxc4 Kd7 18. Nb6+ Ke6 19. f5+ Ke5 20. Rc5+ Kd4 21. Rc4+ Kd3 22. Rc3+ Ke4 23. Nxa8 Nc6 24. 0-0 Bf6 25. Rxc6 bxc6 26. Nc7 Bxb2 27. Nxa6 Ra8 28. Nc5+ Kd5 29. Nb3 Rxa2 30. Rf2 c5 31. Bc3 Ra3 32. Rxb2 Kc4 33. Bxg7 Rxb3 34. Rxb3 Kxb3 35. g4 Kc4 36. Kf2 Kd3 37. Kf3 c4 38. h4 c3 39. Bxc3 Kxc3 40. Ke4 f6 41. Kd5 Kd3 42. Ke6 1-0

[Event "Milan Crespi op 16th"]
[Site "Milan"]
[Date "1995.12.??"]
[Round "3"]
[White "Bonanno, Alessandro"]
[Black "Mariano, Elia"]
[Result "1-0"]
[WhiteElo "1950"]
[BlackElo "1717"]
[PlyCount "65"]
[EventDate "1995.12.07"]
[EventType "swiss"]
[EventRounds "7"]
[EventCountry "ITA"]
[SourceTitle "EXT 2023"]
[Source "ChessBase"]
[SourceDate "2022.10.05"]
[SourceVersion "1"]
[SourceVersionDate "2022.10.05"]
[SourceQuality "1"]

1. e4 c6 2. d4 d5 3. e5 Bf5 4. Nc3 e6 5. g4 Bg6 6. Nge2 Nd7 7. h4 h6 8. Be3 Qc7 9. Qd2 c5 10. f4 a6 11. Bg2 Ne7 12. 0-0 0-0-0 13. h5 Bh7 14. Na4 c4 15. b3 g6 16. bxc4 Qxc4 17. Nb2 Qc7 18. c4 Kb8 19. cxd5 Nxd5 20. Rac1 Qb6 21. Bxd5 exd5 22. Nc3 gxh5 23. Nxd5 Qe6 24. Qg2 Qxg4 25. Nc3 Qh4 26. Bf2 Qxf4 27. Bg3 Qxd4+ 28. Kh1 Rg8 29. Rfd1 Qg4 30. Rxd7 Rxd7 31. e6+ Qxg3 32. Qxg3+ Rxg3 33. exd7 1-0